| 000 | 00677nam a22001697a 4500 | ||
|---|---|---|---|
| 003 | NUST - PNEC | ||
| 005 | 20170116180923.0 | ||
| 008 | 150905b xxu||||| |||| 00| 0 eng d | ||
| 020 | _a0852261071 | ||
| 040 | _cLIBRARY | ||
| 082 | _a621.381028 IND | ||
| 100 |
_97894 _aIndian Institute of Technology, The Curriculum Development Cell Electrical Engineering Department |
||
| 245 |
_a Laboratory manual for basic electrical engineering : a core laboratory programme for all engineering disciplines _cThe Curriculum Development Cell Electrical Engineering Department Indian Institute of Technology |
||
| 260 | _cc.1978 | ||
| 650 |
_97896 _aElectronics _xEL |
||
| 942 |
_2ddc _cBK |
||
| 999 |
_c65690 _d65690 |
||